Christianissimorum Galliae Et Navarrae Regum Henrici IV. & Ludovici XIII. Itemq[ue] Illustrissimi Principis ac Praesulis Parisiensis Henrici Condei Apologiae. Pro Societate Jesu Calumniis haereticorum oppositae

Saved in:  
Bibliographic Details
Subtitles:Apologiae. Pro Societate Jesu Calumniis haereticorum oppositae
Contributors: Heinrich IV. Frankreich, König 1553-1610 (Other) ; Ludwig XIII. Frankreich, König 1601-1643 (Other) ; Condé, Henri de 1588-1646 1588-1646 (Other) ; Angermaier, Andreas -1614 (Printer)
Format: Electronic Book
Language:Latin
Subito Delivery Service: Order now.
Check availability: HBZ Gateway
WorldCat: WorldCat
Interlibrary Loan:Interlibrary Loan for the Fachinformationsdienste (Specialized Information Services in Germany)
Published: Ingolstadii Angermarius [1610]
In:Year: 1610
Further subjects:B Ordensliteratur:Jesuiten
Online Access: Volltext (Resolving-System)
Volltext (Publisher)
Sammlungen:

MARC

LEADER 00000cam a2200000 c 4500
001 556566726
003 DE-627
005 20260305085411.0
007 cr uuu---uuuuu
008 080115s1610 xx |||||o 00| ||lat c
024 7 |a urn:nbn:de:gbv:23-drucke/316-21-theol-34  |2 urn 
024 7 |a VD17 12:112007Z  |2 vd17 
026 |e e,i. r.mq e-i- nuEt 3 1610Q  |2 fei 
035 |a (DE-627)556566726 
035 |a (DE-576)9556566724 
035 |a (DE-599)GBV556566726 
035 |a (OCoLC)837618743 
040 |a DE-627  |b ger  |c DE-627  |e rakwb 
041 |a lat 
084 |a 1  |2 ssgn 
245 0 0 |a Christianissimorum Galliae Et Navarrae Regum Henrici IV. & Ludovici XIII. Itemq[ue] Illustrissimi Principis ac Praesulis Parisiensis Henrici Condei Apologiae. Pro Societate Jesu Calumniis haereticorum oppositae 
246 3 0 |a Joalinum 
246 3 3 |a Apologiae. Pro Societate Jesu Calumniis haereticorum oppositae 
249 |a Accessit Damnationis Sententia co[n]tra Joan. Ant. Ioalinum libellorum famosorum ex Anticotono propagatorem 
256 |a Digitalisierungsvorlage: Original 
264 1 |a Ingolstadii  |b Angermarius  |c [1610] 
300 |a 24 S.  |c 4° 
336 |a Text  |b txt  |2 rdacontent 
337 |a Computermedien  |b c  |2 rdamedia 
338 |a Online-Ressource  |b cr  |2 rdacarrier 
500 |a Erscheinungsjahr nach der jünsten Datierung im Text 
510 3 |a Dünnhaupt (2. Aufl.), S. 1800, 86.2 
533 |a Electronic ed.  |b Wolfenbüttel  |c Herzog August Bibliothek  |d 2008  |f dünnhaupt digital  |7 |2008|||||||||| 
535 1 |a HAB Wolfenbüttel  |3 A: 316.21 Theol. (3) 
540 |q DE-23  |a Nutzungsrecht: Herzog August Bibliothek Wolfenbüttel 
655 7 |a Ordensliteratur:Jesuiten  |0 (DE-627)096632534  |2 local 
700 0 |0 (DE-588)118548174  |0 (DE-627)079346189  |0 (DE-576)161383734  |4 oth  |a Heinrich  |b IV.  |c Frankreich, König  |d 1553-1610 
700 0 |0 (DE-588)11872942X  |0 (DE-627)284397806  |0 (DE-576)166502820  |4 oth  |a Ludwig  |b XIII.  |c Frankreich, König  |d 1601-1643 
700 1 |0 (DE-588)119164434  |0 (DE-627)079959792  |0 (DE-576)164913580  |4 oth  |a Condé, Henri de  |c 1588-1646  |d 1588-1646 
700 1 |0 (DE-588)119607026  |0 (DE-627)539081825  |0 (DE-576)291774741  |4 prt  |a Angermaier, Andreas  |d -1614 
751 |a Ingolstadt  |4 pup 
856 4 0 |u http://diglib.hab.de/drucke/316-21-theol-3/start.htm  |x Verlag  |3 Volltext  |7 1 
856 4 0 |u http://nbn-resolving.de/urn:nbn:de:gbv:23-drucke/316-21-theol-34  |x Resolving-System  |3 Volltext  |7 1 
935 |a mteo 
935 |e Dünnhaupt (2. Aufl.), S. 1800, 86.2 
951 |a BO 
ELC |a 1 
LOK |0 000 xxxxxcx a22 zn 4500 
LOK |0 001 4929005280 
LOK |0 003 DE-627 
LOK |0 004 556566726 
LOK |0 005 20260305084309 
LOK |0 008 260305||||||||||||||||ger||||||| 
LOK |0 040   |a DE-Tue135  |c DE-627  |d DE-Tue135 
LOK |0 092   |o n 
LOK |0 852   |a DE-Tue135 
LOK |0 852 1  |9 00 
LOK |0 866   |x SPQUE#VD (Historische deutsche Nationalbibliographie)#SPSAM#VD17 
LOK |0 935   |a ixvd  |a ixv7 
LOK |0 939   |a 05-03-26  |b l01 
ORI |a TA-MARC-ixtheoa001.raw